|
|
|
|
| LEADER |
01258nam a2200253 a 4500 |
| 001 |
GR-Patra24897 |
| 008 |
080324s2008 gr gz 000 0 gre d |
| 040 |
|
|
|a GrPaTEI
|b gre
|c GR-PaULI
|
| 040 |
|
|
|a GrPaTEI
|b gre
|c GR-PaULI
|
| 100 |
1 |
|
|a Μέτσο, Έλσα
|
| 245 |
1 |
0 |
|a Μεταμόσχευση νεφρού και ο ρόλος του νοσηλευτή /
|c Σπουδάστρια: Μέτσο Έλσα ; Εισηγήτρια: Μιχαλοπούλου Έλενα.
|
| 260 |
|
|
|a Πάτρα :
|b ΤΕΙ Πάτρας,
|c 2008
|
| 300 |
|
|
|a 147 σ. :
|b εικ., πιν., σχ.
|
| 504 |
|
|
|a Βιβλιογραφία: σ. 144
|
| 650 |
|
4 |
|a Νεφρά
|x Μεταμόσχευση
|x Νοσηλευτική παρέμβαση
|
| 650 |
|
4 |
|a Πτυχιακή εργασία
|y 2008
|
| 700 |
1 |
|
|a Μιχαλοπούλου, Έλενα
|
| 710 |
0 |
|
|a Σ.Ε..Υ.Π..
|b Τμήμα Νοσηλευτικής
|
| 710 |
0 |
|
|a ΤΕΙ Πάτρας
|
| 856 |
4 |
0 |
|u https://nereus.library.upatras.gr/formerpat/ptyxiakes/seyp/seyp_nos/2006-2010/5311pe.pdf
|
| 942 |
|
|
|2 ddc
|
| 952 |
|
|
|0 0
|1 0
|2 ddc
|4 0
|7 1
|9 306251
|a LISK
|b LISK
|c BSC
|d 2021-01-17
|e 24
|f 0
|g 0.00
|l 0
|p 9241005311
|r 2021-01-17 00:00:00
|t 1
|w 2021-01-17
|y BKN
|x 20080324 0 0
|x GrPaTEI
|
| 971 |
|
|
|a .b26724698
|b 16-04-20
|c 26-09-16
|
| 999 |
|
|
|c 176968
|d 176968
|